| 000 | 00691nmm a2200205Ia 4500 | ||
|---|---|---|---|
| 008 | 251105s9999||||xx |||||||||||||||||und|| | ||
| 041 | _aspa | ||
| 100 | _aDíaz Veiga, Pura | ||
| 245 | 0 | _aAprender a cuidar en casa a personas en situación de dependencia | |
| 264 |
_a[Madrid, España] : _bMinisterio de Educación, Cultura y Deporte de España, _c2012 |
||
| 300 | _a175 páginas | ||
| 490 | _aAula Mentor | ||
| 650 | _aSocial Sciences (General) | ||
| 700 | _aDíaz Veiga, Pura | ||
| 700 | 1 | _a Martínez Rodríguez, Teresa | |
| 700 | 1 | _a Rodríguez Rodríguez, Pilar | |
| 700 | 1 | _a Castro Gómez, Martina | |
| 856 | _uhttps://public.digitaliapublishing.com/a/20917 | ||
| 942 | _cCF | ||
| 999 |
_c64738 _d64738 |
||